000 01106nam a2200277Ia 4500
003 OSt
005 20221005110739.0
006 a|||||r|||| 00| 0
007 ta
008 221004b |||||||| |||| 00| 0 urd d
020 _a9788126719303 (hbk)
_c350
024 _a109262
037 _b1460, 17/03/2011, Kiran Book Service
_cTextual
040 _aCRL
_cCRL
_burd
041 _2urd
_aurd
082 _aO168,1N25w,1, 152Q1
100 _aकिरमानी, वारिस
245 0 _aघूमती नदी
_b एक शाइर की आत्मकथा
246 _aGhūmatī nadī: ek shāir kī ātmakathā
260 _aनई दिल्ली
_bराजकमल प्रकाशन भारत
_c2011
300 _a258पृ0
_ccm.
650 _aउर्दू साहित्य
700 _a रूहानी, दीपक, अनु.
942 _hO168,1N25w,1, 152Q1
_cTEXL
_2cc
999 _c1019747
_d1019747